Plants, genes and crop biotechnology (Record no. 42421)

MARC details
000 -LEADER
fixed length control field 00497nam a2200181Ia 4500
082 ## - DEWEY DECIMAL CLASSIFICATION NUMBER
Classification number 573.6:581
Item number CHR
100 ## - MAIN ENTRY--AUTHOR NAME
Personal name Chrispeels, Maarten J
245 #0 - TITLE STATEMENT
Title Plants, genes and crop biotechnology
250 ## - EDITION STATEMENT
Edition statement Ed.2
260 ## - PUBLICATION, DISTRIBUTION, ETC. (IMPRINT)
Place of publication Massachusetts
Name of publisher Jones and Barlett Pub
Year of publication 2003
650 ## - SUBJECT ADDED ENTRY--TOPICAL TERM
Topical Term Crop improvement
650 ## - SUBJECT ADDED ENTRY--TOPICAL TERM
Topical Term Disease management
650 ## - SUBJECT ADDED ENTRY--TOPICAL TERM
Topical Term Genetic engineering
650 ## - SUBJECT ADDED ENTRY--TOPICAL TERM
Topical Term Plant breeding
700 ## - ADDED ENTRY--PERSONAL NAME
Personal name Sadava, David E
942 ## - ADDED ENTRY ELEMENTS (KOHA)
Koha item type Books
Holdings
Withdrawn status Lost status Damaged status Not for loan Home library Current library Date acquired Full call number Accession Number Koha item type
        RRII Library RRII Library 16/12/2021 573.6:581 CHR 22693 Books